TENWEK HOSP HOME | SOC  | ASK A LIBRARIANSTAFF LOGIN  |  DIGITAL REPOSITORYe-BOOK PORTAL  |  OFF-CAMPUS PORTAL  |  DONATE

Gynecology : (Record no. 3239)

MARC details
000 -LEADER
fixed length control field 00955cam a2200313 a 4500
001 - CONTROL NUMBER
control field 1980477
003 - CONTROL NUMBER IDENTIFIER
control field Ke-BoTe
005 - DATE AND TIME OF LATEST TRANSACTION
control field 20220525145320.0
008 - FIXED-LENGTH DATA ELEMENTS--GENERAL INFORMATION
fixed length control field 890705s1990 ctua b 001 0 eng c
010 ## - LIBRARY OF CONGRESS CONTROL NUMBER
LC control number 89017569
020 ## - INTERNATIONAL STANDARD BOOK NUMBER
International Standard Book Number 0838596827
040 ## - CATALOGING SOURCE
Original cataloging agency DNLM/DLC
Transcribing agency DLC
Modifying agency DLC
050 00 - LIBRARY OF CONGRESS CALL NUMBER
Classification number RG101
Item number .G96 1990
060 ## - NATIONAL LIBRARY OF MEDICINE CALL NUMBER
Classification number WP 100 G997153
082 00 - DEWEY DECIMAL CLASSIFICATION NUMBER
Classification number 618.1
Edition number 20
245 00 - TITLE STATEMENT
Title Gynecology :
Remainder of title well-woman care /
Statement of responsibility, etc. [edited by] Ronnie Lichtman, Susan Papera.
260 ## - PUBLICATION, DISTRIBUTION, ETC.
Place of publication, distribution, etc. Norwalk, Conn. :
Name of publisher, distributor, etc. Appleton & Lange ;
Date of publication, distribution, etc. c1990.
300 ## - PHYSICAL DESCRIPTION
Extent xvi, 493 p . :
Other physical details ill . ;
Dimensions 29 cm.
504 ## - BIBLIOGRAPHY, ETC. NOTE
Bibliography, etc. note Includes bibliographical references.
650 #0 - SUBJECT ADDED ENTRY--TOPICAL TERM
Topical term or geographic name entry element Gynecology.
9 (RLIN) 6645
650 #0 - SUBJECT ADDED ENTRY--TOPICAL TERM
Topical term or geographic name entry element Contraception.
9 (RLIN) 6810
650 #2 - SUBJECT ADDED ENTRY--TOPICAL TERM
Topical term or geographic name entry element Contraception
General subdivision methods.
9 (RLIN) 6811
650 #2 - SUBJECT ADDED ENTRY--TOPICAL TERM
Topical term or geographic name entry element Gynecology.
9 (RLIN) 6645
700 1# - ADDED ENTRY--PERSONAL NAME
Personal name Lichtman, Ronnie.
9 (RLIN) 6812
700 1# - ADDED ENTRY--PERSONAL NAME
Personal name Papera, Susan.
9 (RLIN) 6813
740 0# - ADDED ENTRY--UNCONTROLLED RELATED/ANALYTICAL TITLE
Uncontrolled related/analytical title Well-woman care.
906 ## - LOCAL DATA ELEMENT F, LDF (RLIN)
a 7
b cbc
c orignew
d 1
e ocip
f 19
g y-gencatlg
942 ## - ADDED ENTRY ELEMENTS (KOHA)
Source of classification or shelving scheme Library of Congress Classification
Koha item type Books
Suppress in OPAC No
Holdings
Withdrawn status Lost status Source of classification or shelving scheme Damaged status Not for loan Collection code Home library Current library Shelving location Date acquired Total Checkouts Full call number Barcode Date last seen Copy number Price effective from Koha item type
    Library of Congress Classification     Non-fiction SCHOOL OF HEALTH SCIENCES SCHOOL OF HEALTH SCIENCES General Stacks 25.05.2022   RG101.G96 1990 C1 00001554 25.05.2022 1 25.05.2022 Books
    Library of Congress Classification     Non-fiction SCHOOL OF HEALTH SCIENCES SCHOOL OF HEALTH SCIENCES General Stacks 25.05.2022   RG101.G96 1990 C2 00001555 25.05.2022 2 25.05.2022 Books